000 00394 a2200169 4500
001 72409
020 _a850601364X
040 _cAnchieta - Colégio São Paulo
100 _aBarbosa, Rogério Andrade
240 1 0 _aO anel de Tutancâmon
_lpor
245 1 0 _aO anel de Tutancâmon
300 _a95
362 0 _a1991
440 1 _aMelhoramentos
650 4 _aLiteratura juvenil
942 _cBK
999 _c72409
_d72409